[Event "New Zealand Open Ch'p 2015"]
[Site "Devonport, Auckland"]
[Date "2015.01.05"]
[Round "5.34"]
[White "Lyall, Simon"]
[Black "Holdaway, Steven"]
[Result "1/2-1/2"]
[WhiteElo "1786"]
[BlackElo "1387"]
[PlyCount "114"]
[EventDate "2015.01.01"]
[EventType "swiss"]
[EventRounds "9"]
[SourceDate "2015.01.01"]

1. e4 e6 2. d4 d5 3. e5 c5 4. c3 Nc6 5. Nf3 Nge7 6. Bd3 Qb6 7. dxc5 Qc7 8. Qe2
Ng6 9. Bxg6 hxg6 10. b4 Rh5 11. g4 Rh3 12. Ng5 Rh4 13. f4 Be7 14. Nf3 Rxg4 15.
h3 Bh4+ 16. Kd1 Rg3 17. Nxh4 d4 18. b5 Ne7 19. cxd4 Qa5 20. a4 Qb4 21. Nf3 Qb3+
22. Ke1 Rxf3 23. Nd2 Qc3 24. Qxf3 Qxa1 25. Nb3 Qxa4 26. Qd3 Bd7 27. Nd2 Bxb5
28. Qc3 Bc6 29. Rh2 O-O-O 30. Qa3 Rxd4 31. Qxa4 Rxa4 32. Nb3 Bd5 33. Nd2 Rxf4
34. Rf2 Rxf2 35. Kxf2 f6 36. Bb2 f5 37. Nf1 Nc6 38. Ne3 Be4 39. Nc4 Kc7 40. Nd6
Nb4 41. Bd4 a6 42. Ne8+ Kd7 43. Nd6 Bd5 44. Nf7 Kc6 45. Nh8 Nd3+ 46. Ke3 Nxc5
47. Nxg6 Kb5 48. Nf4 Kc4 49. h4 Be4 50. Nh5 g6 51. Nf4 Bc2 52. Nxg6 f4+ 53.
Nxf4 Bf5 54. h5 Nb3 55. Bb2 b5 56. h6 Nc5 57. Bd4 Nb3 1/2-1/2

[Event "New Zealand Open Ch'p 2015"]
[Site "Devonport, Auckland"]
[Date "2015.01.05"]
[Round "5.35"]
[White "Nicholls, Leighton"]
[Black "Turner, Justin"]
[Result "0-1"]
[WhiteElo "1757"]
[BlackElo "1434"]
[PlyCount "60"]
[EventDate "2015.01.01"]
[EventType "swiss"]
[EventRounds "9"]
[SourceDate "2015.01.01"]

1. e4 d5 2. exd5 Qxd5 3. Nc3 Qa5 4. d4 c6 5. Nf3 Nf6 6. Bc4 Bg4 7. O-O e6 8.
Bf4 Bb4 9. Qd3 Bf5 10. Qe3 Bxc2 11. Bxe6 O-O 12. Bc4 Nbd7 13. a3 Bxc3 14. bxc3
Rfe8 15. Qd2 Be4 16. Ne5 Nxe5 17. Bxe5 Nd7 18. Bf4 Nf6 19. f3 Bg6 20. Rfe1 Nd5
21. Rxe8+ Rxe8 22. Re1 Rxe1+ 23. Qxe1 h6 24. Bxd5 Qxd5 25. Qe5 Qb3 26. Qc5 Qd1+
27. Kf2 Bd3 28. Kg3 Qe1+ 29. Kh3 g5 30. Qe5 Qh4# 0-1

[Event "New Zealand Open Ch'p 2015"]
[Site "Devonport, Auckland"]
[Date "2015.01.05"]
[Round "5.36"]
[White "Mukkattu, Philip"]
[Black "Holdo, Karl"]
[Result "1-0"]
[WhiteElo "1743"]
[BlackElo "1606"]
[PlyCount "115"]
[EventDate "2015.01.01"]
[EventType "swiss"]
[EventRounds "9"]
[SourceDate "2015.01.01"]

1. d4 Nf6 2. c4 e6 3. Qc2 Bb4+ 4. Nc3 c5 5. a3 Bxc3+ 6. bxc3 Nc6 7. Nf3 d6 8.
e4 e5 9. d5 Ne7 10. Bd3 Ng6 11. g3 O-O 12. h4 Bg4 13. Nh2 Bc8 14. Be2 Qa5 15.
O-O h6 16. h5 Ne7 17. f4 Bh3 18. Rd1 Nxe4 19. Qxe4 Qxc3 20. Be3 Bf5 21. Qf3 e4
22. Qf2 Bd7 23. Rdc1 Qf6 24. Bd2 Nf5 25. Rab1 b6 26. Ng4 Qd4 27. Bc3 Qxf2+ 28.
Kxf2 Nd4 29. Bd1 f5 30. Ne3 Rab8 31. Nc2 Nxc2 32. Rxc2 Ba4 33. Rcb2 Bxd1 34.
Rxd1 Rf7 35. a4 e3+ 36. Kxe3 Re8+ 37. Kf2 Re4 38. a5 Rxc4 39. axb6 axb6 40. Be1
Rb7 41. Rb5 Rc2+ 42. Kf3 Rh2 43. Ba5 Ra7 44. Bd2 Ra2 45. Be3 Rhb2 46. Rb1 Rxb1
47. Rxb1 Ra6 48. Ke2 Kf7 49. Bd2 g6 50. hxg6+ Kxg6 51. Kd3 h5 52. Kc4 Ra4+ 53.
Bb4 Kf7 54. Kb5 Rxb4+ 55. Rxb4 cxb4 56. Kxb4 Ke8 57. Kb5 Kd8 58. Kxb6 1-0

[Event "New Zealand Open Ch'p 2015"]
[Site "Devonport, Auckland"]
[Date "2015.01.05"]
[Round "5.37"]
[White "Watharow, Sean"]
[Black "Louie, Ryan"]
[Result "0-1"]
[WhiteElo "1876"]
[BlackElo "1927"]
[PlyCount "72"]
[EventDate "2015.01.01"]
[EventType "swiss"]
[EventRounds "9"]
[SourceDate "2015.01.01"]

1. e4 c5 2. c3 Nf6 3. e5 Nd5 4. Bc4 Nb6 5. Bb3 d6 6. exd6 Qxd6 7. Nf3 Nc6 8.
Na3 Bf5 9. d4 cxd4 10. Nb5 Qd7 11. Bf4 e5 12. Bxe5 Nxe5 13. Qe2 O-O-O 14. Nxe5
d3 15. Nxa7+ Kc7 16. Nxd7 dxe2 17. Nxf8 Bd3 18. Ne6+ fxe6 19. c4 Nxc4 20. Nb5+
Kb6 21. Bxc4 Bxc4 22. Nc3 Rd4 23. f3 Rhd8 24. Kf2 Rd2 25. Rhe1 Rc2 26. Rac1
Rdd2 27. b3 Ba6 28. Ne4 Rxc1 29. Nxd2 Rc2 30. Nc4+ Bxc4 31. bxc4 Rxa2 32. Rxe2
Rxe2+ 33. Kxe2 e5 34. h4 Kc5 35. Kd3 Kb4 36. g4 g6 {(time)} 0-1

[Event "New Zealand Open Ch'p 2015"]
[Site "Devonport, Auckland"]
[Date "2015.01.05"]
[Round "5.39"]
[White "Burke, Matthew WP"]
[Black "Williams, Doug"]
[Result "1-0"]
[WhiteElo "1833"]
[BlackElo "1754"]
[PlyCount "79"]
[EventDate "2015.01.01"]
[EventType "swiss"]
[EventRounds "9"]
[SourceDate "2015.01.01"]

1. d4 d5 2. c4 Nc6 3. Nf3 Bg4 4. Nc3 e6 5. Bg5 f6 6. cxd5 exd5 7. Bf4 Nge7 8.
h3 Bxf3 9. gxf3 Ng6 10. Bg3 f5 11. Qd2 Bd6 12. Bxd6 Qxd6 13. h4 O-O-O 14. O-O-O
Kb8 15. h5 Nge7 16. f4 Qf6 17. e3 Nc8 18. Na4 N6e7 19. Nc5 Qb6 20. Qc2 Rhf8 21.
Rd3 Qd6 22. a4 Nc6 23. Rb3 Nb6 24. Bd3 g6 25. hxg6 hxg6 26. Qd2 a5 27. Rb5 Rh8
28. Rf1 Rde8 29. Kc2 Kc8 30. Ra1 Nb4+ 31. Rxb4 axb4 32. a5 Nc4 33. Qxb4 Qc6 34.
a6 bxa6 35. Rxa6 Nb6 36. Bb5 Qd6 37. Bd7+ Kb8 38. Qb5 Re7 39. Bc6 Kc8 40. Ra8+
1-0

[Event "New Zealand Open Ch'p 2015"]
[Site "Devonport, Auckland"]
[Date "2015.01.05"]
[Round "5.40"]
[White "Shen, Terry"]
[Black "Fairley, Natasha"]
[Result "1-0"]
[WhiteElo "1722"]
[BlackElo "1796"]
[PlyCount "113"]
[EventDate "2015.01.01"]
[EventType "swiss"]
[EventRounds "9"]
[SourceDate "2015.01.01"]

1. d4 d5 2. Bf4 Nf6 3. Nf3 a6 4. e3 Bg4 5. Bd3 e6 6. Nbd2 c5 7. c3 Nc6 8. h3
Bh5 9. O-O cxd4 10. exd4 Bd6 11. Bxd6 Qxd6 12. Qc2 Bg6 13. Bxg6 hxg6 14. Rae1
Rh5 15. b4 Ke7 16. a4 g5 17. Ne5 g4 18. hxg4 Rhh8 19. g5 Nd7 20. f4 Rag8 21. g3
Nf8 22. Kg2 Nxe5 23. dxe5 Qc6 24. Nf3 g6 25. Nd4 Qc4 26. Rf3 Rh7 27. Rh1 Rgh8
28. Rxh7 Rxh7 29. Qb3 Qxb3 30. Nxb3 Kd7 31. Rf1 Kc7 32. Rc1 b5 33. axb5 axb5
34. Nd4 Kb6 35. Ra1 Nd7 36. Ra5 Rh8 37. Rxb5+ Ka6 38. Ra5+ Kb6 39. Ra1 Rc8 40.
Rc1 Ra8 41. Kf3 Ra3 42. Ke3 Nb8 43. Kd3 Na6 44. Nc2 Rb3 45. Ra1 Nc7 46. Nd4 Rb2
47. Rh1 Nb5 48. Nxb5 Kxb5 49. Rh7 Rg2 50. Rxf7 Rxg3+ 51. Kd4 Rg1 52. Rf6 Rd1+
53. Ke3 Rc1 54. Rxe6 Rxc3+ 55. Kd4 Rc4+ 56. Kxd5 Rxb4 57. Rf6 1-0

[Event "New Zealand Open Ch'p 2015"]
[Site "Devonport, Auckland"]
[Date "2015.01.05"]
[Round "5.41"]
[White "Rossiter, Philip E"]
[Black "Laughland, Alexander"]
[Result "1-0"]
[WhiteElo "1775"]
[BlackElo "1873"]
[PlyCount "126"]
[EventDate "2015.01.01"]
[EventType "swiss"]
[EventRounds "9"]
[SourceDate "2015.01.01"]

1. c4 g6 2. Nc3 Bg7 3. d4 Nf6 4. e4 d6 5. Nf3 O-O 6. Be2 Nbd7 7. h3 c5 8. Be3
cxd4 9. Nxd4 Nc5 10. Bf3 Nfd7 11. Rc1 Ne5 12. Be2 Ne6 13. Nc2 Nc6 14. Qd2 Re8
15. O-O Nc7 16. b4 Be6 17. Nd5 Ne5 18. f4 Nxd5 19. cxd5 Bxd5 20. exd5 Nd7 21.
Nd4 Nf6 22. Bf3 a5 23. Rc2 Qd7 24. bxa5 Qa4 25. Rfc1 Qxa5 26. Qxa5 Rxa5 27. Bd2
Ra3 28. Nb5 Rd3 29. Nc7 Rc8 30. Be1 Nd7 31. Be2 Rd4 32. Bc3 Rxf4 33. Bxg7 Kxg7
34. Nb5 Nc5 35. Rc4 Rxc4 36. Rxc4 Ra8 37. Rc2 Ra4 38. Bc4 Nd7 39. Bb3 Rb4 40.
Rc7 Rxb5 41. Rxd7 Kf6 42. Kf2 Rb6 43. Rc7 h6 44. Ke3 e5 45. Rd7 h5 46. h4 Kg7
47. Kd3 Kf8 48. Rc7 Rb4 49. Rc4 Rxc4 50. Kxc4 e4 51. Kd4 f5 52. Bd1 Ke7 53. Ke3
Kf6 54. Kf4 e3 55. Kxe3 Ke5 56. Bf3 f4+ 57. Kd3 b6 58. a4 Kf6 59. Ke4 g5 60.
Bxh5 gxh4 61. Kxf4 h3 62. gxh3 b5 63. axb5 Kg7 1-0

[Event "New Zealand Open Ch'p 2015"]
[Site "Devonport, Auckland"]
[Date "2015.01.05"]
[Round "5.42"]
[White "Cooper, Nigel M"]
[Black "Smith, Vivian J"]
[Result "1-0"]
[WhiteElo "1714"]
[BlackElo "1762"]
[PlyCount "65"]
[EventDate "2015.01.01"]
[EventType "swiss"]
[EventRounds "9"]
[SourceDate "2015.01.01"]

1. b3 d6 2. Bb2 Nf6 3. g3 e5 4. Bg2 c6 5. Nc3 Nbd7 6. e3 Be7 7. Nge2 d5 8. d3
O-O 9. Qd2 b5 10. f4 b4 11. Na4 Qc7 12. O-O a5 13. fxe5 Nxe5 14. Nd4 Ng6 15.
Nf5 Bxf5 16. Rxf5 Ng4 17. e4 dxe4 18. Bxe4 Rad8 19. Re1 Bf6 20. Bxf6 Nxf6 21.
Bf3 Rfe8 22. Rxe8+ Rxe8 23. Nc5 Re5 24. Rxe5 Nxe5 25. Bg2 Ng6 26. c4 bxc3 27.
Qxc3 h6 28. Ne4 Nd5 29. Qc5 Nb4 30. Nf2 Nxa2 31. Qxc6 Qd8 32. Qd5 Qb6 33. d4 {
(time)} 1-0

[Event "New Zealand Open Ch'p 2015"]
[Site "Devonport, Auckland"]
[Date "2015.01.05"]
[Round "5.43"]
[White "Zhang, Jasmine"]
[Black "Lamerton, Troy"]
[Result "1-0"]
[WhiteElo "1594"]
[BlackElo "1731"]
[PlyCount "145"]
[EventDate "2015.01.01"]
[EventType "swiss"]
[EventRounds "9"]
[SourceDate "2015.01.01"]

1. d4 Nf6 2. c4 d5 3. cxd5 Nxd5 4. e4 Nf6 5. f3 e6 6. Be3 Be7 7. Nc3 O-O 8. Bc4
c6 9. Nge2 Qc7 10. O-O Nbd7 11. Bb3 Rd8 12. Qc2 h6 13. Rfd1 Nb6 14. Rac1 Kh8
15. a3 Bd7 16. Bf4 Qc8 17. Qd2 Kg8 18. d5 exd5 19. Nxd5 Nfxd5 20. exd5 Be6 21.
Qe3 Bxd5 22. Bxd5 Nxd5 23. Rxd5 Rxd5 24. Qxe7 Rb5 25. Rc2 Qe8 26. Qxe8+ Rxe8
27. Kf2 g5 28. Be3 a6 29. Bd4 Rd5 30. Bc3 f5 31. Rd2 Red8 32. Rxd5 Rxd5 33. Nd4
Kf7 34. g3 c5 35. Ne2 h5 36. Nc1 b5 37. Ke2 Ke6 38. Nd3 c4 39. Nb4 Rd6 40. Kf2
Kf7 41. Nc2 Rd3 42. Nd4 g4 43. f4 Rd1 44. Nxf5 Rc1 45. Nd4 Rd1 46. Nc6 Ke6 47.
Nd4+ Kd5 48. f5 Rd3 49. f6 Kd6 50. Ke2 a5 51. Nxb5+ Ke6 52. a4 Rf3 53. Nd4+
Kxf6 54. Nxf3+ Kf5 55. Nd2 h4 56. Nxc4 h3 57. Nxa5 Ke4 58. Nc4 Kd5 59. a5 Kc5
60. b4+ Kc6 61. Ne5+ Kb5 62. Nxg4 Ka6 63. Nf2 Kb5 64. g4 Kc4 65. a6 Kb5 66. a7
Kb6 67. a8=Q Kb5 68. Qd5+ Ka4 69. Bb2 Kxb4 70. Nd3+ Ka4 71. Qb7 Ka5 72. Bc3+
Ka4 73. Qb4# 1-0

[Event "New Zealand Open Ch'p 2015"]
[Site "Devonport, Auckland"]
[Date "2015.01.05"]
[Round "5.44"]
[White "Power, P Wayne"]
[Black "Barry, Jacob"]
[Result "1-0"]
[WhiteElo "1926"]
[BlackElo "965"]
[PlyCount "121"]
[EventDate "2015.01.01"]
[EventType "swiss"]
[EventRounds "9"]
[SourceDate "2015.01.01"]

1. d4 d5 2. c4 Nf6 3. Nc3 e6 4. Bg5 Be7 5. e3 O-O 6. Nf3 h6 7. Bh4 b6 8. cxd5
exd5 9. Bd3 Bb7 10. O-O Nbd7 11. Rc1 c5 12. dxc5 Nxc5 13. Bb1 Re8 14. Nd4 Nfe4
15. Bxe7 Qxe7 16. Qg4 Nd2 17. Rfd1 Nxb1 18. Rxb1 Rad8 19. Rbc1 Ne4 20. Nf5 Qf6
21. Nxe4 Rxe4 22. f4 Bc8 23. Rxc8 Rxc8 24. Nxh6+ Qxh6 25. Qxc8+ Kh7 26. Qf5+
Qg6 27. Qxg6+ Kxg6 28. Kf2 Rb4 29. b3 Rb5 30. Kf3 f5 31. h3 Kf6 32. g4 g6 33.
gxf5 Kxf5 34. Rxd5+ Rxd5 35. e4+ Ke6 36. exd5+ Kxd5 37. Ke3 Ke6 38. Ke4 a5 39.
a4 Ke7 40. Ke5 Kf7 41. h4 Ke7 42. f5 gxf5 43. Kxf5 Kf7 44. Ke5 Ke7 45. Kd5 Kd7
46. h5 Ke8 47. Kc6 Kf7 48. Kxb6 Kg7 49. Kxa5 Kh6 50. Kb6 Kxh5 51. a5 Kg6 52. a6
Kf7 53. a7 Ke6 54. a8=Q Kd7 55. Qc6+ Ke7 56. Qg6 Kd7 57. Qf6 Ke8 58. Qg7 Kd8
59. Kc6 Ke8 60. Kd6 Kd8 61. Qd7# 1-0

[Event "New Zealand Open Ch'p 2015"]
[Site "Devonport, Auckland"]
[Date "2015.01.05"]
[Round "5.45"]
[White "Wei, Louie"]
[Black "Brockman, Roland"]
[Result "1/2-1/2"]
[WhiteElo "1423"]
[BlackElo "1652"]
[PlyCount "78"]
[EventDate "2015.01.01"]
[EventType "swiss"]
[EventRounds "9"]
[SourceDate "2015.01.01"]

1. d4 d5 2. f4 Nf6 3. Nf3 g6 4. e3 Bg7 5. Bd3 O-O 6. O-O c5 7. c3 Nc6 8. Nbd2
cxd4 9. exd4 Qc7 10. Ne5 Bf5 11. Bxf5 gxf5 12. Qf3 Ne4 13. Qh5 e6 14. Rf3 f6
15. Nxc6 bxc6 16. Nxe4 fxe4 17. Rh3 f5 18. Qxh7+ Kf7 19. Qh5+ Ke7 20. Qg6 Kd6
21. Rh7 Rf7 22. b3 Bxd4+ 23. cxd4 Rxh7 24. Ba3+ c5 25. Bxc5+ Kc6 26. Qxe6+ Kb7
27. Qxd5+ Qc6 28. Qxf5 Rg7 29. Rc1 e3 30. d5 Qb5 31. Qe5 Rxg2+ 32. Kxg2 Qe2+
33. Kh1 Qf3+ 34. Kg1 Rg8+ 35. Qg5 Qf2+ 36. Kh1 Rxg5 37. fxg5 Qf3+ 38. Kg1 Qf2+
39. Kh1 Qf3+ 1/2-1/2

[Event "New Zealand Open Ch'p 2015"]
[Site "Devonport, Auckland"]
[Date "2015.01.05"]
[Round "5.46"]
[White "Huang, Alex"]
[Black "Mendoza, Darcy"]
[Result "1-0"]
[WhiteElo "2035"]
[BlackElo "612"]
[PlyCount "65"]
[EventDate "2015.01.01"]
[EventType "swiss"]
[EventRounds "9"]
[SourceDate "2015.01.01"]

1. e4 c5 2. Nf3 d6 3. d4 cxd4 4. Nxd4 Nf6 5. Nc3 Nc6 6. f3 e5 7. Nb3 Be6 8. Nd5
a6 9. c4 Nd7 10. Bd3 Be7 11. O-O O-O 12. Be3 Bg5 13. Qd2 Bxe3+ 14. Qxe3 Rb8 15.
Rac1 a5 16. a4 b6 17. Nc3 Nc5 18. Nxc5 bxc5 19. Nb5 Nd4 20. f4 f6 21. f5 Bd7
22. g4 g5 23. fxg6 hxg6 24. Qh6 Bxg4 25. Qxg6+ Kh8 26. h3 Be2 27. Qh6+ Kg8 28.
Bxe2 Nxe2+ 29. Kf2 Nxc1 30. Rg1+ Kf7 31. Rg7+ Ke6 32. Qg6 Nd3+ 33. Ke3 1-0

[Event "New Zealand Open Ch'p 2015"]
[Site "Devonport, Auckland"]
[Date "2015.01.05"]
[Round "5.47"]
[White "Nylund, Timothy"]
[Black "Schmitz, Manuela"]
[Result "0-1"]
[WhiteElo "1405"]
[BlackElo "1966"]
[PlyCount "36"]
[EventDate "2015.01.01"]
[EventType "swiss"]
[EventRounds "9"]
[SourceDate "2015.01.01"]

1. d4 d5 2. Nf3 Nf6 3. Nc3 Bf5 4. g3 e6 5. Bg2 Nbd7 6. O-O c6 7. Nd2 Be7 8. Re1
c5 9. e4 dxe4 10. Ndxe4 O-O 11. Nxf6+ Nxf6 12. dxc5 Bxc5 13. Bxb7 Bxf2+ 14.
Kxf2 Qb6+ 15. Be3 Qxb7 16. Ke2 Bg4+ 17. Kd2 Bxd1 18. Raxd1 Qxb2 0-1

[Event "New Zealand Open Ch'p 2015"]
[Site "Devonport, Auckland"]
[Date "2015.01.05"]
[Round "5.48"]
[White "Hielscher, Ursula"]
[Black "Braganza, Nadia"]
[Result "1-0"]
[WhiteElo "1845"]
[BlackElo "1334"]
[PlyCount "59"]
[EventDate "2015.01.01"]
[EventType "swiss"]
[EventRounds "9"]
[SourceDate "2015.01.01"]

1. d4 d5 2. c4 Nf6 3. Nc3 dxc4 4. e4 c5 5. d5 e6 6. Bxc4 Bd6 7. Nf3 e5 8. O-O
O-O 9. Nb5 Nxe4 10. Re1 Nf6 11. Nxd6 Qxd6 12. Nxe5 Nbd7 13. Nd3 Nxd5 14. Nxc5
Qxc5 15. Bxd5 Nf6 16. Bf3 Qf5 17. h3 Rb8 18. Be3 b6 19. Rc1 Qd7 20. Bf4 Rb7 21.
Bxb7 Qxb7 22. Rc7 Qa6 23. Ree7 Qxa2 24. Rxa7 Qxb2 25. Be5 Ne4 26. Bxb2 Nc5 27.
Qd4 f6 28. Rxg7+ Kh8 29. Rxh7+ Kg8 30. Rag7# 1-0

[Event "New Zealand Open Ch'p 2015"]
[Site "Devonport, Auckland"]
[Date "2015.01.05"]
[Round "5.50"]
[White "Steadman, Mathew"]
[Black "Brockway, Andrew"]
[Result "0-1"]
[WhiteElo "1103"]
[BlackElo "1727"]
[PlyCount "44"]
[EventDate "2015.01.01"]
[EventType "swiss"]
[EventRounds "9"]
[SourceDate "2015.01.01"]

1. e4 c5 2. Nf3 g6 3. g3 Nc6 4. Bg2 Bg7 5. O-O Nf6 6. d3 O-O 7. Nbd2 d6 8. c3
b5 9. Qc2 b4 10. a3 bxc3 11. bxc3 Bd7 12. Bb2 e5 13. Rae1 Qc8 14. Nc4 Ne8 15.
Ne3 Bh3 16. Nd5 Bxg2 17. Kxg2 f5 18. Ng5 h6 19. Nh3 f4 20. Qb3 f3+ 21. Kg1 Qxh3
22. Re3 Qg2# 0-1

[Event "New Zealand Open Ch'p 2015"]
[Site "Devonport, Auckland"]
[Date "2015.01.05"]
[Round "5.52"]
[White "Li, Rodney Xiang Rei"]
[Black "Yan, Sarah"]
[Result "1/2-1/2"]
[WhiteElo "1452"]
[BlackElo "1390"]
[PlyCount "84"]
[EventDate "2015.01.01"]
[EventType "swiss"]
[EventRounds "9"]
[SourceDate "2015.01.01"]

1. e4 e6 2. d4 d5 3. exd5 exd5 4. c4 c6 5. Nc3 Nf6 6. Nf3 Bb4 7. Bd3 O-O 8. O-O
h6 9. Bf4 Bg4 10. a3 Bd6 11. Bxd6 Qxd6 12. c5 Qc7 13. h3 Bh5 14. Re1 Nbd7 15.
Be2 Rfe8 16. Nh2 Bxe2 17. Rxe2 Rxe2 18. Qxe2 Re8 19. Qd2 Nf8 20. Re1 Rxe1+ 21.
Qxe1 Ng6 22. Nf3 Qf4 23. Qe3 Qf5 24. Ne1 Qf4 25. Qxf4 Nxf4 26. f3 Kf8 27. Kf2
Ne6 28. Ke3 g5 29. Nd3 Nh5 30. Ne2 Nhg7 31. g4 f5 32. b3 Ke7 33. Nb2 f4+ 34.
Kd3 Ne8 35. Nd1 Nf6 36. b4 Nc7 37. Ndc3 Ng8 38. Ng1 Ke6 39. Nge2 Ne7 40. Kd2
Ng6 41. Kd3 Nh4 42. Ng1 Ng6 1/2-1/2

[Event "New Zealand Open Ch'p 2015"]
[Site "Devonport, Auckland"]
[Date "2015.01.05"]
[Round "5.54"]
[White "McRae, John H"]
[Black "Mallela, Raivath"]
[Result "0-1"]
[WhiteElo "1133"]
[BlackElo "1190"]
[PlyCount "92"]
[EventDate "2015.01.01"]
[EventType "swiss"]
[EventRounds "9"]
[SourceDate "2015.01.01"]

1. d4 d5 2. e3 Nf6 3. c4 c6 4. Nc3 e6 5. Be2 Nbd7 6. Nf3 b6 7. O-O Bb7 8. Bd2
Bd6 9. Rc1 O-O 10. h3 Rc8 11. Bd3 dxc4 12. Bxc4 b5 13. Bd3 a6 14. e4 e5 15. Bg5
exd4 16. Ne2 c5 17. b3 Re8 18. Ng3 Bxg3 19. fxg3 h6 20. Bf4 Bxe4 21. g4 Bxd3
22. Qxd3 Nb6 23. g5 Nbd5 24. Bd2 hxg5 25. Nxg5 g6 26. Rf3 Kg7 27. a3 Qb6 28.
Rg3 Nh5 29. Rf3 Ndf6 30. g4 Rf8 31. gxh5 Nxh5 32. Ne4 Rfe8 33. Rcf1 Rc7 34. Bg5
Qe6 35. Re1 Qc6 36. Ref1 Qxe4 37. Qxe4 Rxe4 38. Bd8 Rd7 39. Bb6 c4 40. bxc4
bxc4 41. Kf2 d3 42. Re3 Rxe3 43. Kxe3 d2 44. Rd1 c3 45. Bd4+ Rxd4 46. Kxd4 c2
0-1

[Event "New Zealand Open Ch'p 2015"]
[Site "Devonport, Auckland"]
[Date "2015.01.05"]
[Round "5.55"]
[White "Maris, Fred A"]
[Black "Meng, Richard"]
[Result "1/2-1/2"]
[WhiteElo "1519"]
[BlackElo "1106"]
[PlyCount "96"]
[EventDate "2015.01.01"]
[EventType "swiss"]
[EventRounds "9"]
[SourceDate "2015.01.01"]

1. e4 e5 2. Nf3 Nc6 3. Bb5 a6 4. Ba4 Nf6 5. d3 b5 6. Bb3 Be7 7. a4 b4 8. a5 O-O
9. O-O d6 10. h3 Bd7 11. Nbd2 Na7 12. Nc4 c5 13. Nb6 Rb8 14. Nxd7 Qxd7 15. Nd2
Bd8 16. Nc4 Nc6 17. Bg5 Rb5 18. Ba4 Rb7 19. f4 Qc7 20. fxe5 Nxe5 21. Nxe5 dxe5
22. Bxf6 Bxf6 23. Qg4 Qd8 24. Kh1 Kh8 25. Bc6 Rc7 26. Bd5 Rc8 27. Qh5 g6 28.
Qf3 Bg7 29. Qe3 Bf6 30. Bb7 Bg5 31. Qf2 Rc7 32. Bxa6 Ra7 33. Bc4 Rxa5 34. b3
Rxa1 35. Rxa1 Qf6 36. Qxc5 Qe7 37. Qxe7 Bxe7 38. Ra7 Bd6 39. Rxf7 Rxf7 40. Bxf7
Kg7 41. Be8 g5 42. g4 h6 43. Kg2 Bc5 44. Kf3 Kf6 45. Ke2 Bd4 46. Kf3 Bc3 47.
Bd7 Ke7 48. Bf5 Kd6 1/2-1/2

[Event "New Zealand Open Ch'p 2015"]
[Site "Devonport, Auckland"]
[Date "2015.01.05"]
[Round "5.56"]
[White "Lee, Amy"]
[Black "Picken, Oliver"]
[Result "0-1"]
[WhiteElo "644"]
[BlackElo "1505"]
[PlyCount "64"]
[EventDate "2015.01.01"]
[EventType "swiss"]
[EventRounds "9"]
[SourceDate "2015.01.01"]

1. e4 c5 2. Bc4 a6 3. Nc3 e6 4. f4 b5 5. Be2 Bb7 6. d3 Be7 7. Nf3 Nf6 8. e5 Ng4
9. O-O Bh4 10. g3 Be7 11. Ne1 h5 12. Bxg4 hxg4 13. Qxg4 g6 14. f5 exf5 15. Qe2
Nc6 16. Qf3 Rb8 17. Qe2 Nd4 18. Qe3 Qc7 19. Rf4 Bg5 20. Bd2 Bxf4 21. gxf4 Qc6
22. Qg3 Qh1+ 23. Kf2 Rxh2+ 24. Qxh2 Qxh2+ 25. Kf1 Qxd2 26. Rd1 Qh2 27. Ne2
Qxe2+ 28. Kg1 Qxd1 29. Kf1 Nf3 30. d4 Qxe1+ 31. Kg2 Qg1+ 32. Kh3 Qg4# 0-1

[Event "New Zealand Open Ch'p 2015"]
[Site "Devonport, Auckland"]
[Date "2015.01.05"]
[Round "5.57"]
[White "Yuan, Kimberley"]
[Black "Li, Leo Xiang Yu"]
[Result "0-1"]
[WhiteElo "1038"]
[BlackElo "955"]
[PlyCount "138"]
[EventDate "2015.01.01"]
[EventType "swiss"]
[EventRounds "9"]
[SourceDate "2015.01.01"]

1. d4 d5 2. c4 c6 3. e3 e6 4. Nc3 Nf6 5. cxd5 Nxd5 6. e4 Nxc3 7. bxc3 c5 8. Nf3
cxd4 9. Qxd4 Qxd4 10. cxd4 Nc6 11. Bb5 Bd7 12. O-O a6 13. Bxc6 Bxc6 14. Re1 Bb4
15. Re3 O-O 16. Bb2 Rad8 17. Rd1 f6 18. d5 e5 19. Ba3 Bxa3 20. Rxa3 Rd6 21.
Rad3 Rfd8 22. Ne1 Bb5 23. R3d2 Bc6 24. Nf3 Ba4 25. Rb1 b5 26. Ne1 Rc8 27. Ra1
Kf7 28. f3 Ke7 29. Rb1 Rcc6 30. Rbb2 Rc1 31. Kf2 Rc3 32. Rd3 Rxd3 33. Nxd3 Rd7
34. Nc5 Rc7 35. Nxa4 bxa4 36. Rd2 Kd6 37. Rb2 a3 38. Rd2 Rc3 39. Ke2 a5 40. Rd3
Rxd3 41. Kxd3 Kc5 42. Kc3 a4 43. d6 Kxd6 44. Kb4 h5 45. Kxa4 Kc5 46. Kxa3 Kc4
47. Ka4 h4 48. h3 g6 49. Ka5 Kc5 50. Ka6 Kc6 51. Ka5 Kc5 52. Ka4 Kc4 53. Ka5 f5
54. exf5 gxf5 55. Ka4 e4 56. fxe4 fxe4 57. Ka5 e3 58. Kb6 Kb4 59. Kc6 e2 60. g4
hxg3 61. h4 e1=Q 62. h5 Qh1+ 63. Kd6 Qxh5 64. a3+ Kxa3 65. Ke6 g2 66. Kd6 Qf5
67. Ke7 g1=Q 68. Ke8 Qa7 69. Kd8 Qfd7# 0-1

[Event "New Zealand Open Ch'p 2015"]
[Site "Devonport, Auckland"]
[Date "2015.01.06"]
[Round "6.1"]
[White "Bischoff, Klaus"]
[Black "Howell, David W L"]
[Result "1-0"]
[WhiteElo "2490"]
[BlackElo "2670"]
[PlyCount "85"]
[EventDate "2015.01.01"]
[EventType "swiss"]
[EventRounds "9"]
[SourceDate "2015.01.01"]

1. Nf3 Nf6 2. c4 c5 3. d4 cxd4 4. Nxd4 Nc6 5. g3 Qa5+ 6. Nc3 Ne4 7. Nb3 Nxc3 8.
Qd2 Qb4 9. Qxc3 Qxc3+ 10. bxc3 b6 11. Bg2 Ba6 12. c5 g6 13. Be3 Bg7 14. Rc1 O-O
15. Rc2 Rab8 16. O-O Ne5 17. Rd1 Rfc8 18. Bf4 bxc5 19. Bxe5 Bxe5 20. Rxd7 c4
21. Nd2 Rc7 22. Rxc7 Bxc7 23. Bd5 Rd8 24. Bf3 Ba5 25. Ne4 Rd1+ 26. Kg2 Kg7 27.
e3 Rd8 28. Nc5 Bc8 29. Nb7 Bxb7 30. Bxb7 Rd6 31. Bf3 Kf6 32. Be2 Rc6 33. Rd2 e5
34. Rd7 Bxc3 35. Bf3 Rc5 36. Bd5 Bb2 37. Rxf7+ Kg5 38. h4+ Kh6 39. Be4 c3 40.
g4 c2 41. g5+ Kh5 42. Rxh7+ Kg4 43. f3# 1-0

[Event "New Zealand Open Ch'p 2015"]
[Site "Devonport, Auckland"]
[Date "2015.01.06"]
[Round "6.3"]
[White "Thornton, Giovanni A"]
[Black "Sukandar, Irine Kharisma"]
[Result "0-1"]
[WhiteElo "2143"]
[BlackElo "2392"]
[PlyCount "54"]
[EventDate "2015.01.01"]
[EventType "swiss"]
[EventRounds "9"]
[SourceDate "2015.01.01"]

1. Nf3 Nf6 2. c4 e6 3. g3 b6 4. Bg2 Bb7 5. b3 Be7 6. O-O O-O 7. Bb2 d5 8. Qc2
c6 9. d3 a5 10. a3 Nbd7 11. Nbd2 b5 12. Rfc1 Qb6 13. cxb5 cxb5 14. Bd4 Qa6 15.
Qb2 Rfc8 16. Ne5 Nxe5 17. Bxe5 Ne8 18. Rxc8 Rxc8 19. Rc1 Ra8 20. f4 Qb6+ 21.
Kh1 f6 22. Bd4 Bxa3 23. Qxa3 Qxd4 24. Qe7 Qb6 25. Qd7 Kf8 26. f5 Rd8 27. Qxe6
Rd6 0-1

[Event "New Zealand Open Ch'p 2015"]
[Site "Devonport, Auckland"]
[Date "2015.01.06"]
[Round "6.4"]
[White "Drummond, Matthew"]
[Black "Ker, Anthony F"]
[Result "1/2-1/2"]
[WhiteElo "2231"]
[BlackElo "2302"]
[PlyCount "122"]
[EventDate "2015.01.01"]
[EventType "swiss"]
[EventRounds "9"]
[SourceDate "2015.01.01"]

1. c4 d6 2. g3 e5 3. Nc3 f5 4. d4 Be7 5. Bg2 Nf6 6. Nf3 e4 7. Ng5 c6 8. f3 h6
9. Nh3 exf3 10. exf3 Be6 11. d5 Bf7 12. O-O O-O 13. Re1 Na6 14. Nf4 Nc7 15. Qb3
b5 16. Ne6 Bxe6 17. dxe6 d5 18. cxb5 Nxb5 19. Nxb5 Qb6+ 20. Nd4 Qxd4+ 21. Be3
Qb4 22. Qxb4 Bxb4 23. Rec1 Rac8 24. Bh3 g6 25. a3 Bd6 26. Bxh6 Rfe8 27. Re1 c5
28. Rad1 d4 29. b3 c4 30. bxc4 Rxc4 31. Bf1 Rc3 32. Bb5 Re7 33. Bg5 Kg7 34. Kg2
Rc2+ 35. Kh1 Bc5 36. a4 Rb7 37. Rc1 Rc3 38. Bd2 Rxc1 39. Rxc1 Ba3 40. Rc6 Nd5
41. Rc4 Nc7 42. Rxd4 Nxe6 43. Rd7+ Rxd7 44. Bxd7 Kf6 45. Kg2 Ke7 46. Bc6 Nd4
47. Bd5 Ne6 48. Kf1 Kd6 49. Bc4 Bc5 50. h4 Ke5 51. Be1 Nd4 52. Kg2 Nc2 53. Bc3+
Nd4 54. Bf7 Kf6 55. Be8 Kg7 56. Bd7 Kf7 57. Bc8 Nc2 58. Kf1 Ne3+ 59. Ke2 Nd5
60. Be1 Nb6 61. Ba6 Nxa4 1/2-1/2